Chuyến tàu ảo vọng /

Saved in:
Bibliographic Details
Main Author: Đinh Kỳ Thanh.
Format: Book (Paper)
Language:Vietnamese
Published: Tp HCM : Nxb. TP HCM, 1984.
Tags: Add Tag
No Tags, Be the first to tag this record!
Institutions: Thư viện Trường Đại học Đà Lạt
LEADER 00590nam a2200265 4500
001 DLU140163192
005 ##20140818
040 # # |a DLU  |b vie 
041 # # |a vie 
044 # # |a vn 
082 # # |a TV  |b DI-T 
100 # # |a Đinh Kỳ Thanh. 
245 # # |a Chuyến tàu ảo vọng /  |c Đinh Kỳ Thanh. 
260 # # |a Tp HCM :  |b Nxb. TP HCM,  |c 1984. 
300 # # |a 130 tr. ;  |c 21 cm. 
991 # # |a GT 
992 # # |a 0 
994 # # |a DLU 
900 # # |a True 
911 # # |a Nguyễn Thị Tưởng 
925 # # |a G 
926 # # |a A 
927 # # |a SH 
980 # # |a Thư viện Trường Đại học Đà Lạt